Special Regions of Indonesia - Statistics

General Stats
  • This quiz has been taken 49 times
  • The average score is 4 of 5
Answer Stats
Region % Correct
Jakarta
93%
Yogyakarta
93%
Aceh
85%
Papua
73%
West Papua
50%
No matching quizzes found
Score Distribution
Percent of People with Each Score
Percentile by Number Answered
Your Score History
You have not taken this quiz